'N' & 'O' ASoIaF characters (clickable) Quiz Stats

 Plays Quiz not verified by Sporcle

Score 0/30 Timer 06:00
0 Plays Today
% Correct
Old Nan
90.7%
Osha
90.5%
Oberyn Martell
90.1%
Olenna Redwyne
89.8%
Nymeria
89.1%
Olyvar Frey
87%
Nissa Nissa
86.5%
Night's King
85.4%
Obara Sand
85.2%
Orell
83.5%
Nestor Royce
81.5%
Orys Baratheon
81.3%
Oznak zo Pahl
81.3%
Ogo
80.8%
Noho Dimittis
79.8%
% Correct
Oppo
79.4%
Nagga
78.7%
Nymeria Sand
78.1%
Othell Yarwyck
76%
One Eye
75.2%
Owen the Oaf
71.8%
Nute the Barber
68.1%
Orton Merryweather
67.6%
Osmund Kettleblack
65%
Othor
64.4%
Osney Kettleblack
64.4%
Owen Merryweather
64%
Nurse
61%
Oswell Kettleblack
59.8%
Osfryd Kettleblack
43%

You're not logged in!

Compare scores with friends on all Sporcle quizzes.
OR
Log In

Sporcle TV

Today on Sporcle TV


Watch our educational content, quiz creation guides, and fun videos on Sporcle TV.

Show Comments

Extras

Top Quizzes Today


Score Distribution

Your Account Isn't Verified!

In order to create a playlist on Sporcle, you need to verify the email address you used during registration. Go to your Sporcle Settings to finish the process.

Report this User

Report this user for behavior that violates our Community Guidelines.

Details: